| 000 | 00474nam a2200181Ia 4500 | ||
|---|---|---|---|
| 003 | SGT | ||
| 020 | _a9788131705148 | ||
| 082 |
_a5.43 _bTAN |
||
| 100 | _aTanenbaum,Andrew S | ||
| 245 | 4 | _aThe Minix book Operating systems | |
| 250 | _a3rd Ed. | ||
| 260 |
_bPearson _aN.Delhi _c2009 |
||
| 300 | _a1054p. | ||
| 650 | _aCOMPUTER SCIENCE | ||
| 653 | _aINTRODUCTION,PROCESSES,INPUT/OUT PUT,MEMORY MANAGEMENT,FILE SYSTEMS, | ||
| 700 | _aWoodhull,Albert S | ||
| 942 |
_2ddc _cBK _04 |
||
| 999 |
_c5315 _d5315 |
||